| 000 | 00598nam a2200181 4500 | ||
|---|---|---|---|
| 001 | 135822 | ||
| 003 | ES-MaACL | ||
| 005 | 20230906194950.0 | ||
| 007 | t| | ||
| 008 | 070214s1953 sp r ||||1| spa d | ||
| 100 | 1 |
_aRuiz Bazaga, Rosendo. _9100668 |
|
| 245 | 1 | 0 |
_aEmocionario _b: poesía y verso / _cRosendo Ruiz Bazaga ; con un prólogo de Luis Araujo-Costa y unas credenciales literarias. |
| 250 | _a1ª ed. | ||
| 260 |
_aMadrid : _b[s. n.], _c1953 ( _fArtes Gráf. Helénicas) |
||
| 300 |
_a174 p. ; _c16 cm. |
||
| 700 | 1 |
_aAraujo-Costa, Luis. _922362 |
|
| 852 |
_aES-MaACL _jC-8535 _bR.35387 |
||
| 999 |
_c135822 _d135822 |
||